The Economics Book

Gespeichert in:
Bibliographische Detailangaben
1. Verfasser: DK
Format: Buch
Veröffentlicht: DK
Schlagworte:
Tags: Tag hinzufügen
Keine Tags, Fügen Sie das erste Tag hinzu!

MARC

LEADER 00000nam a2200000Ia 4500
005 20260427112645.0
526 |b Economics 
100 |a DK 
020 |a 9780241656839 
650 |a General Economics 
526 |a Bachelors 
942 |c BK 
245 |a The Economics Book 
260 |b DK 
999 |c 20  |d 20 
952 |0 0  |1 0  |4 0  |7 0  |8 1  |a BRISTOL  |b BRISTOL  |d 2026-04-22  |l 0  |p 000031  |r 2026-04-27 11:26:45  |w 2026-04-27  |y BK